MARC

Tag First Indicator Second Indicator Subfields
LEADER 00000cam a2200000Ia 4500
001 in00001563313
005 20151022070734.0
008 940312s1994 gw b 000 0 ger d
020 |a 3769615751 
035 |a (OCoLC)ocm32135526 
040 |a VA@  |c VA@  |d IXA  |d ORU  |d TXA  |d UtOrBLW 
041 0 |a ger  |a ara 
049 |a TXAM 
050 4 |a AS182  |b .M823 1994, Heft 4 
050 4 |a PJ6199.5  |b .U43 1994 
100 1 |a Ullmann, Manfred. 
245 1 0 |a Launuhū ilā l-ḥumrati mā huwa /  |c Manfred Ullmann. 
264 1 |a München :  |b Verlag der Bayerischen Akademie der Wissenschaften :  |b In Kommission bei C.H. Beck,  |c 1994. 
300 |a 38 pages ;  |c 22 cm. 
336 |a text  |b txt  |2 rdacontent 
337 |a unmediated  |b n  |2 rdamedia 
338 |a volume  |b nc  |2 rdacarrier 
490 1 |a Beiträge zur Lexikographie des klassischen Arabisch ;  |v Nr. 11 
490 1 |a Sitzungsberichte / Bayerische Akademie der Wissenschaften. Philosophisch-Historische Klasse,  |x 0342-5991 ;  |v Jahrg. 1994, Heft 4 
500 |a "Vorgelegt am 1. Juli 1994." 
504 |a Includes bibliographical references. 
650 0 |a Arabic language  |x Lexicology. 
650 0 |a Arabic language  |x Lexicography. 
650 0 |a Arabic language  |x Syntax. 
830 0 |a Beiträge zur Lexikographie des klassischen Arabisch ;  |v Nr. 11. 
830 0 |a Sitzungsberichte der Bayerischen Akademie der Wissenschaften.  |p Philosophisch-Historische Klasse ;  |v Jahrg. 1994, Heft 4. 
948 |a cataloged  |b h  |c 2000/9/6  |d c  |e jgreene  |f 10:07:02 am 
994 |a E0  |b TXA 
999 |a MARS 
999 f f |s 5a0cda5d-a034-34e4-a0b9-307a0280b2b9  |i 9774d755-2098-35e1-805b-913867248f4a  |t 0 
952 f f |p ric  |a Texas A&M University  |b Rellis Campus  |c Joint Library Facility  |d Remote Storage  |t 0  |e AS182 .M823 1994 Heft 4  |h Library of Congress classification  |i unmediated -- volume  |m A14826610082 
998 f f |a AS182 .M823 1994 Heft 4  |t 0  |l Remote Storage